000 00967nam a2200265 a 4500
001 25362
003 CO-ViMGA
005 20230915232054.0
008 141112s2004 ck r 000 u spa d
020 _a9700774978
035 _aAFS3208 LA
040 _aCO-ViMGA
_bspa
_cCO-ViMGA
041 _aspa ger
082 0 4 _a340.1 K35t
100 1 _aKelsen, Hans, 1881 - 1973.
_938664
245 1 0 _aTeoría pura del derecho /
_cHans Kelsen ; traducción del original en alemán Roberto J. Vernengo.
260 _aMéxico :
_bEditorial Porrúa,
_c1995.
300 _a364 p. ; 23 cm.
650 1 4 _aTeoría del derecho.
_915075
700 1 _aVernengo, Roberto José, tr.
_938665
942 _2ddc
_cBK
949 _an n
999 _c32969
_d32969